Flautas precolombina procedentes de Quelapa / (Record no. 20583)
[ view plain ]
| 000 -CABECERA | |
|---|---|
| campo de control de longitud fija | 00861nam a2200241 4500 |
| 003 - IDENTIFICADOR DEL NÚMERO DE CONTROL | |
| campo de control | MX-MxINE |
| 005 - FECHA Y HORA DE LA ÚLTIMA TRANSACCIÓN | |
| campo de control | 20260601171013.0 |
| 008 - DATOS DE LONGITUD FIJA--INFORMACIÓN GENERAL | |
| campo de control de longitud fija | 260504b1972\\\\es\a||||\||||\00|\0\spa\d |
| 040 ## - FUENTE DE LA CATALOGACIÓN | |
| Centro catalogador/agencia de origen | ICI |
| Lengua de catalogación | spa |
| Centro/agencia transcriptor | ICI |
| Normas de descripción | rda |
| 050 ## - SIGNATURA TOPOGRÁFICA DE LA BIBLIOTECA DEL CONGRESO | |
| Número de clasificación | ML462.E61 |
| Número de documento/Ítem | A635 |
| 100 ## - ENTRADA PRINCIPAL--NOMBRE DE PERSONA | |
| Nombre de persona | Andrews S., E. Wyllys. |
| Término indicativo de función/relación | autor |
| 9 (RLIN) | 33442 |
| 245 ## - MENCIÓN DE TÍTULO | |
| Título | Flautas precolombina procedentes de Quelapa / |
| Resto del título | El Salvador / |
| Mención de responsabilidad, etc. | Wyllys Andrews S., E. |
| 264 ## - PRODUCCIÓN, PUBLICACIÓN, DISTRIBUCIÓN, FABRICACIÓN Y COPYRIGHT | |
| Producción, publicación, distribución, fabricación y copyright | El Salvador, |
| Nombre del de productor, editor, distribuidor, fabricante | Ministerio de Educaicón, |
| Fecha de producción, publicación, distribución, fabricación o copyright | 1972 |
| 300 ## - DESCRIPCIÓN FÍSICA | |
| Extensión | 10 páginas : |
| Otras características físicas | ilustraciones |
| 336 ## - TIPO DE CONTENIDO | |
| Fuente | rdacontent |
| Término de tipo de contenido | texto |
| 337 ## - TIPO DE MEDIO | |
| Fuente | rdamedia |
| Nombre/término del tipo de medio | sin medio |
| 338 ## - TIPO DE SOPORTE | |
| Fuente | rdacarrier |
| Nombre/término del tipo de soporte | volumen |
| 490 #0 - MENCIÓN DE SERIE | |
| Mención de serie | Antropología ; |
| Designación de volumen o secuencia | 1 |
| 650 #1 - PUNTO DE ACCESO ADICIONAL DE MATERIA--TÉRMINO DE MATERIA | |
| Término de materia o nombre geográfico como elemento de entrada | Instrumentos musicales precolombinos |
| Subdivisión geográfica | Quelepa, El Salvador |
| 9 (RLIN) | 33443 |
| 650 #1 - PUNTO DE ACCESO ADICIONAL DE MATERIA--TÉRMINO DE MATERIA | |
| Término de materia o nombre geográfico como elemento de entrada | Flautas indígenas |
| Subdivisión general | Arqueología |
| Subdivisión geográfica | América Central |
| 9 (RLIN) | 33444 |
| 700 ## - PUNTO DE ACCESO ADICIONAL--NOMBRE DE PERSONA | |
| Nombre de persona | Andrews S., E. Wyllys. |
| Término indicativo de función/relación | autor |
| 9 (RLIN) | 33442 |
| 942 ## - ELEMENTOS DE PUNTO DE ACCESO ADICIONAL (KOHA) | |
| Fuente del sistema de clasificación o colocación | Library of Congress Classification |
| Tipo de ítem Koha | Libros |
| Suprimir en OPAC | 1 |
No items available.